000 00638nam a2200229 i 4500
001 bg
100 1 _aSZOJDA, Adam
245 1 0 _aPageMaker 7 :
_bćwiczenia /
_cAdam Szojda, Ryszard Szojda.
260 _aGliwice :
_b"Helion",
_ccop. 2004.
300 _a108 s. :
_brys. ;
_c24 cm.
650 9 _aPageMaker
655 _aPodręczniki
700 1 _aSZOJDA, Ryszard
020 _a8373614567
040 _cBPK
041 0 _apol
080 _a004.42:004.915](07)
920 _a83-7361-456-7
942 _cKS
008 s pl f |000 0 pol
999 _c45806
_d45806
856 _uhttp://koha.tu.koszalin.pl/cgi-bin/koha/opac-detail.pl?biblionumber=45806
_yKatalog online BPK